000 00562nam a2200205 a 4500
001 13054
003 BD-JhCC
005 20230615114901.0
008 230615b2023 b ||||| ||a| 00| 0 b d
020 _a9789849745402
035 _a(BD-JhCC)13054
040 _aBD-JhCC
_dBD-JhCC
041 _aBengali
082 _a891.443
_bANJ 2023
100 _aঅঞ্জন, রয়
245 _aখেউরি ঘর /
_cরয় অঞ্জন
260 _aঢাকা:
_bভাষাচিত্র;
_c2023
300 _a126 P. :
_c21 cm.
942 _2ddc
_cBK
999 _c13054
_d13054